000 00690nam a2200217Ii 4500
003 JO-AjNU
008 230606s9999||||xx |||||||||||||| ||und||
020 _a978-1-83864-900-5
040 _aJO-AjNU
_beng
_erda
_cJO-AjNU
041 _aeng
050 1 4 _aHV8079.2020
100 3 _aJohansen, Gerard ,
_eauthor
_96557
245 0 0 _aDigital Forensics and Incident Response: Incident response techniques and procedures to respond to modern cyber threats
250 _a2ed
264 3 1 _aBIRMINGHAM-MUMBAL : PACKT,2020
300 _a433p
336 _atext
_btxt
_2rdacontent
337 _aunmediated
_bn
_2rdamedia
338 _avolume
_bnc
_2rdacarrier
650 4 _aDigital Forensics
_96558
999 _aE3403
_c3399
_d3399